000 00810nam a22002057a 4500
005 20240520154911.0
010 _aHIN-127646
020 _c300.00
_a9789390366590
035 _aHN-99992
037 _bDBAD/PUB
082 _a
100 _a पोखरियाल, रमेश
_966508
245 _aकोरोना काल की सच्ची कहानियाँ/
_cरमेश पोखरियाल
250 _a1
260 _aनई दिल्ली
_bप्रभात प्रकाशन
_c2021
270 _a आसफ अली रोड
_bनई दिल्ली
_e110002
_mprabhatbooks@gmail.com
300 _a136p.;
_c22 सेमी (सजिल्द)
700 _a पोखरियाल, रमेश
_966429
942 _2ddc
_cHN
_h
_mपोखरि
999 _c203028
_d203028